A clash of kings / (Record no. 331610)

000 -LEADER
fixed length control field 00934cam a2200277 a 4500
001 - CONTROL NUMBER
control field 17210307
003 - CONTROL NUMBER IDENTIFIER
control field NUST
005 - DATE AND TIME OF LATEST TRANSACTION
control field 20171005165444.0
008 - FIXED-LENGTH DATA ELEMENTS--GENERAL INFORMATION
fixed length control field 120314s2012 nyua 000 1 eng
010 ## - LIBRARY OF CONGRESS CONTROL NUMBER
LC control number 2012371161
020 ## - INTERNATIONAL STANDARD BOOK NUMBER
International Standard Book Number 9780006479895 (pbk.)
040 ## - CATALOGING SOURCE
Original cataloging agency DLC
Transcribing agency DLC
042 ## - AUTHENTICATION CODE
Authentication code pcc
050 00 - LIBRARY OF CONGRESS CALL NUMBER
Classification number PS3563.A7239
Item number C58 2012
082 ## - DEWEY DECIMAL CLASSIFICATION NUMBER
Classification number 813.54
Author Mark MAR
100 1# - MAIN ENTRY--PERSONAL NAME
Personal name Martin, George R. R.
9 (RLIN) 5286
245 12 - TITLE STATEMENT
Title A clash of kings /
Statement of responsibility, etc. George R.R. Martin.
250 ## - EDITION STATEMENT
Edition statement Bantam Books trade pbk. tie-in ed.
260 ## - PUBLICATION, DISTRIBUTION, ETC.
Place of publication, distribution, etc. New York :
Name of publisher, distributor, etc. Bantam Books,
Date of publication, distribution, etc. 2012.
300 ## - PHYSICAL DESCRIPTION
Extent 913 p. :
Other physical details ill. ;
Dimensions 24 cm.
490 0# - SERIES STATEMENT
Series statement A song of ice and fire ;
Volume/sequential designation bk. 2
500 ## - GENERAL NOTE
General note Sequel to: A game of thrones.
500 ## - GENERAL NOTE
General note Maps on endpapers.
655 #7 - INDEX TERM--GENRE/FORM
Genre/form data or focus term Fantasy fiction.
Source of term gsafd
9 (RLIN) 1087
730 0# - ADDED ENTRY--UNIFORM TITLE
Uniform title Game of thrones (Television program)
9 (RLIN) 5287
906 ## - LOCAL DATA ELEMENT F, LDF (RLIN)
a 7
b cbc
c origcop
d 2
e ncip
f 20
g y-gencatlg
942 ## - ADDED ENTRY ELEMENTS (KOHA)
Source of classification or shelving scheme
Koha item type Book
Holdings
Withdrawn status Lost status Source of classification or shelving scheme Damaged status Not for loan Permanent Location Current Location Shelving location Date acquired Total Checkouts Total Renewals Full call number Barcode Checked out Date last seen Date last checked out Copy number Price effective from Koha item type
          Central Library (CL) Central Library (CL) Fiction 10/05/2017 5 9 813.54 MAR CL587 12/06/2025 11/06/2025 11/06/2025 1 10/05/2017 Book
© 2023 Central Library, National University of Sciences and Technology. All Rights Reserved.